[Event "27th CRO-chT 1B-Men 2018"]
[Site "Biograd"]
[Date "2018.09.18"]
[Round "4.11"]
[White "Mathe, Gaspar"]
[Black "Zelic, Mladen"]
[Result "0-1"]
[WhiteElo "2308"]
[BlackElo "2266"]
[Annotator "NA"]
[PlyCount "56"]
[EventDate "2018.09.15"]
[EventType "team-tourn"]
[EventCountry "CRO"]
[SourceTitle "playchess.com"]
[Source "ChessBase"]
[SourceQuality "1"]
[TimeControl "40/5400+30:1800+30"]

{[%evp 13,52,108,32767,97,32767,93,110,32,31,32767,-184,32767,32767,32767,32767,32767,-342,32767,-371,32767,-352,-765,32767,-1210,-1358,-1441,-1856,-1954,-773,32767,-1156,32767,32767,-870,-849,-804,-770,-827,-511,-452,-411]} 1. e4 {[%emt 0:00:30]} e5 {[%emt 0:00:30]} 2. Nf3 {[%emt 0:00:00]} Nc6 {[%emt 0:00:00]} 3. Bb5 {[%emt 0:00:00]} f5 {[%emt 0:00:00]} 4. Nc3 {[%emt 0:00:30]} fxe4 {[%emt 0:01:30]} 5. Nxe4 {[%emt 0:00:00]} d5 {[%emt 0:00:30]} 6. Nxe5 {[%emt 0:02:00]} dxe4 {[%emt 0:00:30]} 7. Nxc6 {[%emt 0:07:30]} Qg5 {[%emt 0:00:30]} 8. Qe2 {[%emt 0:01:30]} Nf6 {[%emt 0:01:30] [#]} 9. f4 $1 {[%emt 0:05:30]} Qxf4 {[%emt 0:01:30] [#]} 10. d4 {[%emt 0:02:30] LiveBook: 61 Games} (10. Nxa7+ $1 $16 Bd7 11. Bxd7+ Nxd7 12. d4) 10... Qd6 {[%emt 0:02:30]} 11. Nxa7+ {[%emt 0:02:30] [#]} c6 $1 {[%emt 0:28:30]} 12. Bf4 {[%emt 0:14:30] C63: Ruy Lopez: Schliemann/Jaenisch Defence} Qxf4 {[%emt 0:01:30]} 13. Nxc6 {[%emt 0:00:00]} Bd6 $146 {[%emt 0:16:30]} ({Predecessor:} 13... bxc6 14. Bxc6+ Kd8 15. Bxa8 Bg4 16. Qd2 Bb4 17. c3 e3 18. Qc2 Ke7 19. Bf3 Bxf3 20. gxf3 Qxd4 {1-0 (27) Turzo,A (2310)-Arnold,J (2250) Budapest 1995}) 14. g3 {[%emt 0:02:00]} Qg5 {[%emt 0:02:30]} 15. Ne5+ {[%emt 0:01:30]} Ke7 {[%emt 0:00:30]} 16. Nf3 {[%emt 0:05:30]} Qh5 {[%emt 0:01:30]} 17. Nh4 $2 {[%emt 0:14:30]} (17. Ne5) 17... Bg4 {[%emt 0:04:30]} 18. Qf1 {[%emt 0:02:30]} Rhf8 {[%emt 0:00:30]} 19. Be2 {[%emt 0:07:30]} Nd5 {[%emt 0:06:30]} 20. Qg2 {[%emt 0:02:30]} Bf3 {[%emt 0:00:30]} (20... Bb4+ $142 21. c3 {[#]} Nxc3 $1 {[%mdl 512]} 22. bxc3 Bxc3+ 23. Kd1 Bxe2+ 24. Qxe2 Qd5) 21. Qf2 {[%emt 0:09:33]} Bb4+ {[%emt 0:02:30]} 22. c3 {[%emt 0:01:30]} Nxc3 {[%emt 0:00:30]} 23. Bxf3 {[%emt 0:07:39]} Qb5 {[%emt 0:00:30]} 24. Qc2 {[%emt 0:07:42]} exf3 {[%emt 0:03:30]} 25. Kf2 {[%emt 0:02:11]} Qe2+ {[%emt 0:01:30]} 26. Qxe2+ {[%emt 0:00:08]} Nxe2 $19 {[%emt 0:01:30]} 27. Rad1 {[%emt 0:01:13]} Rxa2 {[%emt 0:01:30]} 28. Nxf3 {[%emt 0:00:33]} Rxb2 {[%emt 0:00:30]} 0-1

[Event "27th CRO-chT 1B-Men 2018"]
[Site "Biograd"]
[Date "2018.09.20"]
[Round "4.12"]
[White "Jusic, Zdenko"]
[Black "Vrban, Mladen"]
[Result "0-1"]
[WhiteElo "2261"]
[BlackElo "2280"]
[Annotator "TA"]
[PlyCount "122"]
[EventDate "2018.09.15"]
[EventType "team-tourn"]
[EventCountry "CRO"]
[SourceTitle "playchess.com"]
[Source "ChessBase"]
[SourceQuality "1"]

{[%evp 13,122,11,19,0,33,0,0,-22,47,37,46,46,56,-43,-37,-40,-60,-38,-42,-49,-52,-55,-47,-47,-44,-67,-70,-100,-84,-100,-91,-109,-114,-112,-103,-110,-102,-234,-148,-240,-154,-152,-97,-145,0,-300,-294,-322,-301,-320,-322,-318,-318,-281,243,54,153,0,0,0,0,0,0,-185,-178,-181,-173,-325,-312,-288,-239,-450,-470,-145,-569,-607,-566,-756,-756,-734,-702,-777,-715,-693,-669,-1342,-1253,-1484,-1316,-1897,-1798,-1845,-1760,-1718,-1650,-2507,-2511,-29980,-29981,-29981,-29982,-29983,-29984,-29984,-29985,-29985,-29982,-29984,-29983,-29989,-29990]} 1. e4 c5 2. Nf3 d6 3. Bb5+ Nd7 4. d4 a6 5. Bxd7+ Bxd7 6. O-O Qc7 {B51: Sicilian: Moscow Variation (3 Bb5+) without 3...Bd7} (6... cxd4 7. Qxd4 e5 8. Qd3 Rc8 9. c4 b5 10. b3 h6 11. Nc3 bxc4 12. bxc4 Nf6 13. Be3 Be7 14. Rab1 O-O 15. h3 Qc7 16. Nd2 {½-½ (43) Anand,V (2786)-Giri,A (2771) Stavanger 2017}) 7. Nc3 e6 {LiveBook: 3 Games} 8. Bg5 Ne7 {The position is equal.} 9. dxc5 dxc5 10. Re1 Bc6 $146 (10... f6 $11 11. Bd2 O-O-O) ({Predecessor:} 10... Ng6 11. Nd5 Qd6 12. Nh4 {½-½ (12) Gumpo,T (1945)-Ortiz Q,J (2179) Khanty-Mansiysk 2010}) 11. Bh4 $14 Ng6 12. Nd5 Bxd5 $1 13. exd5 (13. Bg3 $14 Nf4 14. exd5) 13... Nxh4 $15 14. Nxh4 O-O-O $1 15. c4 Be7 16. Nf3 Bf6 17. Rb1 exd5 18. cxd5 Qd6 19. Qa4 Qxd5 20. b4 cxb4 $1 21. Rxb4 Rd7 $1 22. Rbe4 Rhd8 23. h4 h6 24. Rb1 Rc7 25. g4 (25. Reb4 $17) 25... Bc3 26. Rf4 (26. Rc1 $17 {is a better defense.}) 26... f6 27. h5 Qc6 ({Black should try} 27... Qd3 28. Qe4 Qxe4 29. Rxe4 b5) 28. Qb3 Qd5 (28... Kb8 $17 29. Qb6 Qxb6 30. Rxb6 Re8) 29. Qb6 $2 {[%mdl 8192]} (29. Qa4 $1 $11) 29... Qxa2 $19 30. Rb3 Rd1+ 31. Kg2 {Hoping for Qe6+.} Qe2 32. Qa7 {and the idea Qa8+ leaves White hopeful.} Qf1+ ({Resist} 32... Be5 33. Nxe5 Qxe5 34. Rff3 $19) 33. Kg3 Be1 $4 {[%mdl 8192]} (33... Rd3 $1 $19 {and all is fine. Threatens to win with ...Qg1+.} 34. Kh2 Rxf3 $1 {[%mdl 512]} 35. Rxf3 Be5+ 36. Rg3 Qe2) 34. Re4 $2 (34. Qa8+ $1 $18 Kd7 35. Ne5+ $1 {[%mdl 512]} fxe5 36. Rf7+ Ke6 37. Qe8+ Kd5 38. Qd8+ Ke6 39. Qe8+ Kd5 40. Qd8+ Ke6 41. Qe8+) 34... Kd7 ({Better is} 34... Bxf2+ $14 35. Qxf2 Qxf2+ 36. Kxf2 b5) 35. Nxe1 $2 (35. Qa8 $1 $16 {[%cal Ra8e8] Threatening mate with Qe8+.} Qxf2+ 36. Kf4) 35... Rxe1 $11 36. Qd4+ $1 Kc8 {White must now prevent ...Qg1+.} 37. Rbe3 $1 {[%cal Re4e8]} Qg1+ 38. Kf3 $2 {[#]} (38. Kh3 $1 $11 Qh1+ 39. Kg3 Qg1+ 40. Kh3 Rxe3+ 41. Qxe3 Qh1+ 42. Kg3) 38... Rxe3+ $1 $19 39. Qxe3 {[%mdl 4096] Endgame [#] KQR-KQR} Qd1+ $1 40. Kf4 $2 (40. Kg3 {was necessary.} Qd6+ 41. f4) 40... Qd6+ 41. Kf3 Qc6 42. Kg3 $2 (42. Kf4 b5 43. Re6 Qc4+ 44. Kg3) 42... Qc3 43. Re8+ Kd7 44. Re7+ Kd6 45. Kf4 {White wants to mate with Qe6+.} Qxe3+ 46. Rxe3 {KR-KR} b5 47. Kf5 Re7 {...Rxe3 is the strong threat.} 48. Ra3 Ra7 49. Kg6 Kc5 50. Rc3+ Kd4 51. Rc8 b4 52. Rb8 Kc3 53. Rc8+ Kb2 54. Rg8 b3 55. Rxg7 Rxg7+ {Black mates.} 56. Kxg7 Kc1 57. Kxh6 {K3P-K3P} b2 58. Kg7 b1=Q 59. h6 Qb4 60. f3 Qb7+ 61. Kf8 Qh7 {Precision: White = 21%, Black = 66%.} 0-1

[Event "27th CRO-chT 1B-Men 2018"]
[Site "Biograd"]
[Date "2018.09.18"]
[Round "4.13"]
[White "Ruck, Robert"]
[Black "Saric, Ante"]
[Result "1/2-1/2"]
[WhiteElo "2505"]
[BlackElo "2535"]
[Annotator "TA"]
[PlyCount "31"]
[EventDate "2018.09.15"]
[EventType "team-tourn"]
[EventCountry "CRO"]
[SourceTitle "playchess.com"]
[Source "ChessBase"]
[SourceQuality "1"]

{[%evp 20,22,10,-21,0]} 1. Nf3 d5 2. g3 c6 3. Bg2 Bg4 4. O-O Nd7 5. d4 e6 6. Nbd2 Ngf6 7. c4 Be7 8. b3 O-O 9. Bb2 a5 10. a3 h6 11. Bc3 {LiveBook: 3 Games. D11: Slav Defence: 3 Nf3 sidelines and 3...Nf6 4 e3 Bg4} Bf5 {Predecessor:} 12. c5 $146 Ne4 13. Nxe4 Bxe4 14. b4 axb4 15. axb4 b6 16. Qd2 {½-½ (16) Ruck,R (2575)-Portisch,L (2543) Hungary 2005} 1/2-1/2

[Event "27th CRO-chT 1B-Men 2018"]
[Site "Biograd"]
[Date "2018.09.18"]
[Round "4.14"]
[White "Galyas, Miklos"]
[Black "Horvath, Adam"]
[Result "1/2-1/2"]
[WhiteElo "2512"]
[BlackElo "2482"]
[Annotator "TA"]
[PlyCount "41"]
[EventDate "2018.09.15"]
[EventType "team-tourn"]
[EventCountry "CRO"]
[SourceTitle "playchess.com"]
[Source "ChessBase"]
[SourceQuality "1"]

{[%evp 18,41,3,0,0,0,0,0,0,0,0,0,0,0,0,0,0,-8,5,0,13,13,13,10,12,7]} 1. Nf3 Nf6 2. c4 e6 3. g3 d5 4. Bg2 dxc4 5. Qa4+ Bd7 6. Qxc4 {A13: English Opening: 1...e6} c5 7. Ne5 Qc8 8. Nc3 Nc6 9. Nxd7 Qxd7 10. Qa4 {LiveBook: 11 Games. The position is equal.} Rc8 11. d3 Be7 12. O-O O-O 13. Be3 Rfd8 {[#]} 14. Rac1 $146 b6 15. Rfd1 h6 16. h3 Ne8 17. Nb5 Bf6 18. b3 Nd6 19. Nxd6 Qxd6 20. Bxc6 Qxc6 21. Qxc6 {Precision: White = 81%, Black = 81%.} 1/2-1/2

[Event "27th CRO-chT 1B-Men 2018"]
[Site "Biograd"]
[Date "2018.09.18"]
[Round "4.15"]
[White "Dabo-Peranic, Robert"]
[Black "Saric, Ibro"]
[Result "0-1"]
[WhiteElo "2284"]
[BlackElo "2546"]
[Annotator "TA"]
[PlyCount "76"]
[EventDate "2018.09.15"]
[EventType "team-tourn"]
[EventCountry "CRO"]
[SourceTitle "playchess.com"]
[Source "ChessBase"]
[SourceQuality "1"]

{[%evp 17,76,91,95,89,114,110,102,81,95,91,97,81,85,62,79,0,0,0,36,0,0,-5,34,18,34,0,0,0,12,12,32,12,84,104,131,109,125,73,71,46,84,-12,95,0,0,0,0,-69,-70,-58,-65,-498,-524,-481,-345,-454,-442,-514,-486,-1009,-1002]} 1. e4 e6 2. d4 d5 3. Nc3 Bb4 4. e5 b6 5. a3 Bf8 6. Bb5+ c6 7. Ba4 Ba6 8. Nce2 {C16: French: 3 Nc3 Bb4 4 e5: Lines without ...c5} (8. Nf3 Ne7 9. Ne2 Bb5 10. Bb3 c5 11. c3 Nbc6 12. O-O Nf5 13. Re1 Be7 14. Nf4 cxd4 15. Nxd4 Nfxd4 16. cxd4 {1-0 (35) Motylev,A (2677)-Stupak,K (2526) Warsaw 2012}) 8... Bb5 9. Bxb5 cxb5 {LiveBook: 4 Games} 10. h4 $146 {White is better.} ({Predecessor:} 10. Ng3 Nc6 11. Nf3 g6 12. h4 h5 13. Ng5 Nh6 14. O-O Ne7 15. Ne2 Nhf5 16. Nf3 Nc6 17. Bg5 Be7 18. g3 Kf8 {½-½ (18) Radovic,J (2409)-Zlatanovic,B (2392) Kragujevac 2018}) 10... b4 11. axb4 Bxb4+ 12. Kf1 Nc6 13. h5 Bf8 14. g4 Nh6 15. Ng3 f6 16. Bxh6 ({Better is} 16. Kg2 $16) 16... gxh6 $11 17. f4 fxe5 18. dxe5 Bc5 {And now ...0-0 would win.} 19. Kg2 Qc7 (19... O-O $5 {[%cal Rf8f4]} 20. Nh3 Kh8 $11) 20. Nf3 Rg8 21. Nh2 O-O-O 22. Rf1 Rg7 23. c3 Kb8 24. Qe2 d4 (24... a5 $11) 25. Rad1 $1 $16 Rgd7 26. Ne4 d3 27. Qf3 ({White should play} 27. Qe1) 27... Be7 28. Rf2 Na5 $1 29. Kh3 ({White should try} 29. Nf1 $16) 29... Nb3 {[#]} (29... Nc4 $1 $11 {remains equal.} 30. Nf1 d2 $1 {[%mdl 512]}) 30. Nf1 {[#]} (30. Nd2 $1 $16 {[%cal Rd2b3]} Nc5 31. Ra1) 30... d2 $1 $11 {[%mdl 512]} 31. Re2 (31. Nexd2 Rd3) 31... Bc5 $36 {[%mdl 2048] White is under pressure.} 32. Kh2 (32. Rdxd2 $11 Nxd2 33. Rxd2) 32... Rd3 $15 33. Qg2 Qf7 34. Rf2 $2 {[%mdl 8192]} (34. Kh1 $15) 34... Bxf2 $19 35. Qxf2 Qb7 36. Nfg3 {[#]} Nc5 $1 {Black is clearly winning.} 37. Nf6 (37. Nxc5 bxc5) 37... Rf3 38. Qe2 (38. Qg2 $142 Re3 39. Rxd2 Rxd2 40. Qxd2) 38... Rdd3 {Precision: White = 36%, Black = 58%.} 0-1

[Event "27th CRO-chT 1B-Men 2018"]
[Site "Biograd"]
[Date "2018.09.18"]
[Round "4.16"]
[White "Plenca, Julijan"]
[Black "Martic, Zlatko"]
[Result "1/2-1/2"]
[WhiteElo "2417"]
[BlackElo "2244"]
[Annotator "TA"]
[PlyCount "89"]
[EventDate "2018.09.15"]
[EventType "team-tourn"]
[EventCountry "CRO"]
[SourceTitle "playchess.com"]
[Source "ChessBase"]
[SourceQuality "1"]

{[%evp 24,89,45,47,52,22,28,-45,37,27,70,59,81,0,26,25,72,65,62,19,19,16,0,-18,-9,-21,-27,-26,-20,-60,-71,-63,-42,-62,-72,-83,-62,-47,-54,-65,-11,-79,-20,-84,-68,-72,-66,-72,-72,-111,-120,-87,-72,-74,0,0,0,0,0,-6,0,0,0,0,0,-21,0,0]} 1. e4 c5 2. Nf3 e6 3. d4 cxd4 4. Nxd4 a6 5. Bd3 Nf6 6. O-O d6 7. Qe2 Qc7 8. f4 Nbd7 9. Kh1 Be7 10. c4 {B42: Sicilian: Kan Variation: 5 Bd3} b6 11. Nc3 Bb7 12. f5 e5 13. Nc2 {LiveBook: 8 Games} Rc8 {[#]} 14. Nb4 $146 ({Predecessor:} 14. Bg5 Qb8 15. Rad1 Qa8 16. Ne3 O-O 17. Ng4 Rfe8 18. Nxf6+ Nxf6 {1-0 (60) Idani,P (2526)-Ahmed,A (2346) Muscat 2015}) 14... Nc5 15. Bc2 {[#]} (15. Bg5 $11) 15... Ncd7 ({Black should try} 15... Ncxe4 $1 $15 {[%mdl 512]} 16. Nxe4 (16. Bxe4 Nxe4) 16... Qxc4 17. Qxc4 Rxc4 18. Nxf6+ gxf6) 16. a3 $14 Qxc4 17. Bd3 Qb3 18. Nxa6 (18. Bg5 $16) 18... O-O 19. Nb4 Rxc3 20. bxc3 Qxc3 21. Bd2 Qc8 22. Bg5 Qa8 23. Na6 Bd8 24. Bxf6 Nxf6 25. Rfe1 d5 26. Nb4 dxe4 27. Ba6 Be7 28. Bxb7 Qxb7 29. Nc2 {[%cal Bb4c2,Bc2e3,Be3f1,Bf1d2,Bd2c4][%mdl 32]} Rc8 30. Ne3 h5 31. Nf1 Rc3 (31... Bc5 $15) 32. a4 (32. Ng3 $11 {keeps the balance.}) 32... h4 (32... Qc8 $17 33. Rad1 Rc2) 33. Rac1 (33. Ne3 $11) 33... Rd3 $17 34. Nd2 {[%cal Rd2e4]} Rd4 $1 35. Nc4 $1 Bc5 36. a5 Bb4 $1 {[%cal Rb4e1]} 37. Red1 bxa5 38. Nxe5 {[#]} Qd5 ({Better is} 38... Rxd1+ $1 $17 39. Rxd1 {[#]} h3 $1 {[%mdl 512]}) 39. Rxd4 $11 {The position is equal.} Qxd4 40. Ng4 $1 Nxg4 41. Qxg4 Qe5 42. f6 Qxf6 {Strongly threatening ...e3.} 43. Qxe4 g6 44. Qc4 Kg7 45. Rf1 {Precision: White = 40%, Black = 44%.} 1/2-1/2

[Event "27th CRO-chT 1B-Men 2018"]
[Site "Biograd"]
[Date "2018.09.18"]
[Round "4.17"]
[White "Rubil, Marko"]
[Black "Bobanac, Miro"]
[Result "1/2-1/2"]
[WhiteElo "2201"]
[BlackElo "2288"]
[Annotator "TA"]
[PlyCount "123"]
[EventDate "2018.09.15"]
[EventType "team-tourn"]
[EventCountry "CRO"]
[SourceTitle "playchess.com"]
[Source "ChessBase"]
[SourceQuality "1"]

{[%evp 29,123,43,35,38,25,23,23,0,64,39,104,60,102,76,92,0,0,-34,83,-31,48,67,74,71,57,64,56,48,176,182,180,180,172,165,252,52,57,51,63,73,59,72,111,110,97,78,99,96,106,75,139,125,196,189,181,179,165,171,159,160,166,117,133,103,100,110,127,81,67,20,21,14,14,19,19,16,17,14,14,8,8,0,0,0,0,0,0,0,0,0,0,0,0,0,0,0]} 1. e4 {[%cal Be2e4,Be4e5][%mdl 32]} Nf6 2. e5 Nd5 3. d4 d6 4. c4 Nb6 5. f4 dxe5 6. fxe5 Nc6 7. Be3 Bf5 8. Nc3 e6 9. Nf3 Be7 10. Be2 O-O 11. O-O f6 12. exf6 Bxf6 13. Qd2 Qe7 14. Rad1 Rad8 15. Qc1 Rd7 16. Bf2 $146 {B03: Alekhine's Defence: Four Pawns Attack} ({Predecessor:} 16. d5 Bxc3 17. dxc6 Rxd1 18. Rxd1 Bf6 19. cxb7 c5 20. b4 cxb4 21. c5 Nd5 22. Rxd5 exd5 23. c6 Bc3 24. Bb5 Qc7 25. Bxa7 Qa5 26. Qe3 Qxb5 27. Qc5 Qxc5+ 28. Bxc5 b3 29. axb3 Ba5 30. Bxf8 {1-0 (30) Zavadsky,P (2307)-Wong,R (2221) San Francisco 2012}) 16... Rfd8 17. c5 Nd5 18. Bc4 {White has an edge.} Na5 (18... Bg4 $11) 19. Bb5 c6 ({Black should try} 19... Nc6 $14) 20. Be2 {Black must now prevent b4!} b5 21. b3 Nb7 22. Rfe1 (22. Nxd5 $16 Rxd5 23. h3) 22... Nb4 $1 $11 23. Rd2 {[#]} a6 (23... Nxc5 $1 $15 {[%mdl 512] keeps the upper hand.} 24. dxc5 Rxd2 25. Nxd2 Bg5) 24. h3 (24. a3 $16 Nd5 25. Bd3 Bxd3 26. Rxd3) 24... Bg5 (24... Nxc5 $1 $15 25. dxc5 Rxd2 26. Nxd2 Bg5) 25. Nxg5 $14 Qxg5 26. a3 Nd5 {...Nf4 is the strong threat.} 27. Nxd5 exd5 28. Bf3 Be4 ({Better is} 28... Rf8 $14) 29. Bxe4 $18 dxe4 30. Rxe4 Nxc5 31. Re5 Nxb3 {[#]} (31... Nd3 {keeps fighting.} 32. Rxg5 Nxc1) 32. Rxg5 $2 (32. Qe1 $1 $18 {White wants to mate with Re8+.} Qxe5 33. Qxe5 Nxd2 34. Bh4) 32... Nxc1 $14 33. Rg3 $1 Re8 {aiming for ...Ne2+.} 34. Kf1 $1 Rde7 35. Rc3 $36 {[%mdl 2048] White is really pushing.} Ne2 36. Rxc6 {Hoping for g3.} Nf4 37. d5 Rd7 38. d6 a5 39. Bb6 b4 (39... a4 $142) 40. a4 $16 ({But not} 40. Bxa5 $6 bxa3 41. Rc7 a2 $14) 40... Ra8 (40... Ne6 $16) 41. Rc7 $18 Rad8 42. Rxd7 Rxd7 43. Bxa5 {[%mdl 4096] Endgame KRB-KRN} b3 44. Bc3 Ne6 45. Rd5 Kf7 46. a5 Rb7 47. Bb2 Nd8 48. Ke2 Ke6 49. Rd3 g6 {The position is equal.} 50. Kd2 Rb5 51. a6 {Strongly threatening a7.} Ra5 52. Rxb3 {And now Ra3 would win.} Rxa6 53. Ba3 Nc6 54. Ke3 Na5 55. Rc3 (55. d7 {keeps more tension.} Kxd7 56. Rd3+ Ke6 57. Bb4 Nc4+ 58. Kd4) 55... Nc4+ 56. Rxc4 Rxa3+ $11 {KR-KR} 57. Kf4 Kxd6 58. Re4 Ra5 59. h4 Rf5+ 60. Kg4 h5+ 61. Kh3 Re5 62. Ra4 {Precision: White = 44%, Black = 51%.} 1/2-1/2

[Event "27th CRO-chT 1B-Men 2018"]
[Site "Biograd"]
[Date "2018.09.18"]
[Round "4.18"]
[White "Brulic, Denis"]
[Black "Matanovic, Luka"]
[Result "0-1"]
[WhiteElo "2232"]
[BlackElo "2252"]
[Annotator "ChessBase"]
[PlyCount "66"]
[EventDate "2018.09.15"]
[EventType "team-tourn"]
[EventCountry "CRO"]
[SourceTitle "playchess.com"]
[Source "ChessBase"]
[SourceQuality "1"]
[TimeControl "40/5400+30:1800+30"]

1. Nf3 {[%emt 0:03:30]} d5 {[%emt 0:00:30]} 2. e3 {[%emt 0:03:30]} Nf6 {[%emt 0:04:30]} 3. b3 {[%emt 0:01:30]} Bg4 {[%emt 0:02:30]} 4. Bb2 {[%emt 0:00:30]} Nbd7 {[%emt 0:01:30]} 5. h3 {[%emt 0:01:30]} Bh5 {[%emt 0:03:30]} 6. Be2 {[%emt 0:00:30]} e6 {[%emt 0:01:30]} 7. d3 {[%emt 0:01:30]} Bd6 {[%emt 0:02:30]} 8. g4 {[%emt 0:05:30]} Bg6 {[%emt 0:00:30]} 9. h4 {[%emt 0:08:30]} h6 {[%emt 0:03:30]} 10. h5 {[%emt 0:12:30]} Bh7 {[%emt 0:00:30]} 11. Nbd2 {[%emt 0:03:30]} Qe7 {[%emt 0:08:30]} 12. g5 {[%emt 0:08:30]} hxg5 {[%emt 0:03:30]} 13. Nxg5 {[%emt 0:00:30]} Ba3 {[%emt 0:01:30]} 14. Qc1 {[%emt 0:00:30]} Bxb2 {[%emt 0:00:30]} 15. Qxb2 {[%emt 0:00:00]} Bg6 {[%emt 0:00:30]} 16. O-O-O {[%emt 0:25:00]} Bxh5 {[%emt 0:02:30]} 17. Rh3 {[%emt 0:04:45]} O-O-O {[%emt 0:04:30]} 18. Rdh1 {[%emt 0:00:13]} g6 {[%emt 0:01:30]} 19. e4 {[%emt 0:06:23]} Rhf8 {[%emt 0:14:30]} 20. e5 {[%emt 0:08:21]} Ng4 {[%emt 0:06:30]} 21. Bxg4 {[%emt 0:02:11]} Bxg4 {[%emt 0:00:00]} 22. Nh7 {[%emt 0:00:58]} Bxh3 {[%emt 0:02:00]} 23. Nxf8 {[%emt 0:00:07]} Rxf8 {[%emt 0:00:30]} 24. Rxh3 {[%emt 0:00:03]} Qg5 {[%emt 0:00:30]} 25. Qa3 {[%emt 0:01:52]} Qg1+ {[%emt 0:04:30]} 26. Kb2 {[%emt 0:00:04]} Qxf2 {[%emt 0:00:30]} 27. Rf3 {[%emt 0:01:01]} Qxd2 {[%emt 0:01:30]} 28. Qe7 {[%emt 0:00:12]} Qe2 {[%emt 0:01:30]} 29. Rxf7 {[%emt 0:00:09]} Qxe5+ {[%emt 0:00:30]} 30. d4 {[%emt 0:00:11]} Qxd4+ {[%emt 0:00:30]} 31. Ka3 {[%emt 0:00:25]} Rd8 {[%emt 0:00:30]} 32. Qxe6 {[%emt 0:00:14]} Qc5+ {[%emt 0:00:30]} 33. Kb2 {[%emt 0:00:03]} Qd6 {[%emt 0:27:01]} 0-1

[Event "27th CRO-chT 1B-Men 2018"]
[Site "Biograd"]
[Date "2018.09.18"]
[Round "4.19"]
[White "Livaic, Leon"]
[Black "Brkic, Ante"]
[Result "1/2-1/2"]
[WhiteElo "2483"]
[BlackElo "2565"]
[Annotator "TA"]
[PlyCount "67"]
[EventDate "2018.09.15"]
[EventType "team-tourn"]
[EventCountry "CRO"]
[SourceTitle "playchess.com"]
[Source "ChessBase"]
[SourceQuality "1"]

{[%evp 24,67,0,-6,0,-15,0,0,9,0,0,-6,0,-1,0,0,4,0,4,17,19,17,22,21,21,21,22,33,42,33,25,0,0,0,23,0,0,0,0,0,0,0,0,0,0,0]} 1. d4 Nf6 2. c4 e6 3. Nf3 d5 4. Nc3 Bb4 5. Qa4+ Nc6 6. cxd5 exd5 7. Bg5 h6 8. Bxf6 Qxf6 9. e3 O-O 10. Be2 Be6 11. O-O a6 12. Rac1 Bd6 {D38: Queen's Gambit Declined: Ragozin Defence (4 Nf3 Bb4)} 13. Qc2 {LiveBook: 5 Games} Rfe8 14. Na4 Ne7 15. Nc5 Bxc5 16. Qxc5 c6 {[#]} 17. Ne5 $146 {[%cal Bf3e5,Be5d3,Bd3c5][%mdl 32]} ({Predecessor:} 17. Qb6 Rab8 18. Qc7 Bg4 19. Rfe1 Bxf3 20. Bxf3 {½-½ (80) Dreev,A (2653)-Vachier Lagrave,M (2789) Riadh 2017}) 17... Nc8 18. b4 Qd8 19. a4 Nd6 20. Qc3 f6 {[#] Hoping for ...Ne4.} 21. Nd3 Bf7 22. Nc5 Qe7 23. Rb1 Rec8 24. Bd3 Rc7 25. Rbe1 f5 26. f3 {[%cal Bf2f3,Bf3f4][%mdl 32]} Qg5 27. Bc2 Re8 28. f4 Qe7 29. Nd3 Ne4 {The position is equal.} 30. Qb2 Nd2 31. Rf2 $1 {[%cal Rf2d2]} Ne4 32. Rff1 Nd2 33. Rf2 $1 {[%cal Rf2d2]} Ne4 34. Rff1 {Precision: White = 66%, Black = 50%.} 1/2-1/2

[Event "27th CRO-chT 1B-Men 2018"]
[Site "Biograd"]
[Date "2018.09.20"]
[Round "4.20"]
[White "Kadric, Denis"]
[Black "Plat, Vojtech"]
[Result "1/2-1/2"]
[WhiteElo "2543"]
[BlackElo "2540"]
[Annotator "TA"]
[PlyCount "120"]
[EventDate "2018.09.15"]
[EventType "team-tourn"]
[EventCountry "CRO"]
[SourceTitle "playchess.com"]
[Source "ChessBase"]
[SourceQuality "1"]

{[%evp 13,119,39,44,21,19,20,20,0,0,-6,-6,-7,0,-6,-7,-9,-12,-47,-59,-56,-59,-64,-29,-22,-22,-30,-27,-31,-32,-25,-18,-26,0,-48,0,0,-2,-3,0,0,0,0,0,0,0,0,0,0,0,-15,-14,-15,-8,-8,-8,-8,-8,-8,0,-20,-12,-11,-8,-8,-4,-2,-7,-23,-22,-94,-83,-83,-29,-45,-54,-94,-102,-68,-14,-52,-8,-8,-8,-8,-8,-24,0,0,0,0,0,0,0,0,0,0,0,0,0,0,0,0,0,0,0,0,0,0]} 1. e4 e5 2. Bc4 Nc6 3. Nf3 Be7 4. O-O Nf6 5. d3 O-O 6. Re1 d6 7. a4 Bg4 {LiveBook: 60 Games} 8. a5 {C55: Two Knights: 4 d3, 4 d4 exd4 5 e5 and Max Lange Attack} (8. h3 Bh5 9. Nbd2 Nd4 10. g4 Nxf3+ 11. Qxf3 Bg6 12. Qg3 d5 13. exd5 Nxd5 14. Nf3 f6 15. Nxe5 fxe5 16. Qxe5 Bf7 17. Bxd5 Bxd5 18. Qxe7 Rf3 19. Qxd8+ Rxd8 20. Re5 Rxh3 21. Rh5 {½-½ (21) Wei,Y (2725)-Bu,X (2711) Ho Chi Minh City 2017}) 8... Nd4 9. Nbd2 $1 b5 10. Ba2 $146 ({Predecessor:} 10. axb6 axb6 11. Rxa8 Qxa8 12. c3 Nxf3+ 13. Nxf3 Qa1 14. h3 Bd7 15. d4 exd4 16. Nxd4 {1-0 (39) Kotzem,E (1911)-Kude,K Uckley 2001}) 10... c5 11. a6 Rc8 12. h3 Be6 13. c3 (13. Nxd4 {seems wilder.} cxd4 14. Bxe6 fxe6 15. Nf3 Nd7 16. Bd2) 13... Nxf3+ 14. Nxf3 Qa5 15. Bxe6 (15. Qe2 {with more complications.} Bxa2 16. b4 cxb4 17. Rxa2 Qb6 18. cxb4 d5 19. Qb2) 15... Qxa1 16. Bxc8 Rxc8 17. d4 cxd4 18. cxd4 Qxa6 19. dxe5 dxe5 20. Nxe5 Qe6 21. Bf4 a5 22. Nf3 Qc4 23. Qd4 Qxd4 24. Nxd4 b4 25. Ra1 Bd8 26. f3 Nd7 27. Nb3 g5 28. Be3 Ra8 29. Bd2 Ra7 30. Kf1 Bb6 31. Ra4 f6 32. Ke2 Kf7 33. g3 Ne5 34. Be3 Bxe3 35. Kxe3 $11 {[%mdl 4096] Endgame KRN-KRN} Rd7 {[#] ...Rd3+ is the strong threat.} 36. Ke2 Nc4 37. Ra1 Ra7 38. Nd2 $1 {[%cal Rd2c4]} Nxd2 39. Kxd2 {KR-KR} a4 {[%cal Ba5a4,Ba4a3][%mdl 32]} 40. Kc2 Ke6 41. f4 (41. Kd3 $11) 41... gxf4 42. gxf4 Kd6 (42... f5 $17 43. e5 Kd5) 43. h4 Kc5 44. Kd3 {[#]} a3 $1 {[%cal Ra3b2]} 45. Rc1+ Kb6 (45... Kd6 $15 46. Rd1 Kc5 47. Rc1+ Kb5 48. bxa3 bxa3 49. Rb1+ Ka4) 46. bxa3 bxa3 47. e5 fxe5 48. fxe5 a2 49. Ra1 Kc6 50. Kc4 {The position is equal.} h5 51. Kb3 Kd5 (51... Re7 {keeps more tension.} 52. Rxa2 Rxe5 53. Ra6+ Kd7 54. Rh6 Ke8) 52. Rxa2 Rxa2 53. Kxa2 Kxe5 {KP-KP} 54. Kb3 Kf4 {( -> ...Kg4)} 55. Kc3 Kg3 56. Kd2 Kxh4 57. Ke2 $2 {[%mdl 8192]} (57. Ke1) 57... Kg3 {Threatens to win with ...Kg2.} 58. Kf1 {[%cal Be2f1,Bf1g1,Bg1h1][%mdl 32]} h4 {[%cal Bh5h4,Bh4h3,Bh3h2][%mdl 32]} 59. Kg1 h3 60. Kh1 h2 {Precision: White = 60%, Black = 73%.} 1/2-1/2